000 00468nmm a2200157Ia 4500
008 251105s9999||||xx |||||||||||||||||und||
020 _a9788497886147
041 _aspa
100 _aPont i Amenós, Teresa
245 0 _aEl psicólogo ante las crisis de la vida
264 _a[Madrid, España] :
_bUniversitat Oberta de Catalunya,
_c2007
300 _a224 páginas
650 _aPsychology
856 _uhttps://public.digitaliapublishing.com/a/1053
942 _cCF
999 _c90700
_d90700